[Event "Ideal Clave op"]
[Site "Barcelona"]
[Date "1997.10.25"]
[Round "5"]
[White "Oliver Toribio, Joan"]
[Black "Fernandez Montoro, Manuel"]
[Result "1-0"]
[WhiteElo "1830"]
[BlackElo "1885"]
[PlyCount "59"]
[EventDate "1997.09.??"]
[EventType "swiss"]
[EventRounds "9"]
[EventCountry "ESP"]
[SourceTitle "EXT 2003"]
[Source "ChessBase"]
[SourceDate "2002.11.25"]
[SourceVersion "1"]
[SourceVersionDate "2002.11.25"]
[SourceQuality "1"]

1. d4 Nf6 2. Nc3 e6 3. Bg5 Be7 4. Nf3 d5 5. e3 0-0 6. Bd3 c5 7. dxc5 Bxc5 8. Ne2 Nbd7 9. c3 e5 10. Bf5 Re8 11. Bxd7 Bxd7 12. Bxf6 Qxf6 13. Qxd5 Qe7 14. Nxe5 Bb5 15. f4 Rad8 16. Qb3 Bc6 17. Ng3 g6 18. Ke2 Bd5 19. c4 Bxg2 20. Rhg1 Bh3 21. Ne4 Bb6 22. c5 Be6 23. Qc3 Rc8 24. b4 f6 25. Nxg6 hxg6 26. Rxg6+ Kh7 27. Rag1 Rg8 28. Nxf6+ Qxf6 29. Qxf6 Bc4+ 30. Kf2 1-0

[Event "Ideal Clave op"]
[Site "Barcelona"]
[Date "1997.10.11"]
[Round "3"]
[White "Fernandez Montoro, Manuel"]
[Black "Vives Font, Xavier"]
[Result "0-1"]
[WhiteElo "1855"]
[BlackElo "1755"]
[PlyCount "82"]
[EventDate "1997.09.??"]
[EventType "swiss"]
[EventRounds "9"]
[EventCountry "ESP"]
[SourceTitle "EXT 2003"]
[Source "ChessBase"]
[SourceDate "2002.11.25"]
[SourceVersion "1"]
[SourceVersionDate "2002.11.25"]
[SourceQuality "1"]

1. d4 g6 2. e4 Bg7 3. c3 d6 4. Be3 Nf6 5. f3 0-0 6. Nd2 Nbd7 7. Nb3 e5 8. Qd2 Re8 9. 0-0-0 a5 10. Kb1 a4 11. Nc1 a3 12. b3 Nf8 13. h4 b6 14. d5 N8d7 15. g4 h5 16. Bg5 Ba6 17. Nge2 Qb8 18. gxh5 Nxh5 19. Bh3 Ndf6 20. Rdg1 b5 21. Bg4 b4 22. c4 Qa7 23. Be3 Qb7 24. Ng3 Nxg4 25. fxg4 Nf6 26. Qe2 c6 27. h5 cxd5 28. exd5 Nxd5 29. Ne4 Rec8 30. Bd2 Nc3+ 31. Bxc3 bxc3 32. Nxd6 Bxc4 33. Nxb7 Bxe2 34. Nxe2 c2+ 35. Kc1 e4 36. Kd2 Ra7 37. Rc1 Rxb7 38. Rxc2 Bh6+ 39. Ke1 Rxc2 40. hxg6 Bg7 41. gxf7+ Rxf7 0-1